Key performance indicators for mechanical and electrical contractors launched (Record no. 65622)
[ view plain ]
| 000 -LEADER | |
|---|---|
| fixed length control field | 01412cam a2200205 4500 |
| 001 - CONTROL NUMBER | |
| control field | WB3701-05 |
| 008 - FIXED-LENGTH DATA ELEMENTS--GENERAL INFORMATION | |
| fixed length control field | 000000n2000 000 0 eng u |
| 035 ## - SYSTEM CONTROL NUMBER | |
| System control number | (Sirsi) u110017 |
| 245 ## - TITLE STATEMENT | |
| Title | Key performance indicators for mechanical and electrical contractors launched |
| 260 ## - PUBLICATION, DISTRIBUTION, ETC. | |
| Date of publication, distribution, etc. | 2000 |
| 490 ## - SERIES STATEMENT | |
| Series statement | Construction Monitor |
| Volume/sequential designation | December 2000, 8(1) |
| 520 ## - SUMMARY, ETC. | |
| Summary, etc. | The first suite of Key Performance Indicators specific to the mechanical and electrical contracting industry were launched on 2 November 2000. The ten headline KPIs encompass those aspects of service critical to successful delivery of satisfactory projects, and centre around client satisfaction and contractors' flexibility. A building services KPI handbook, workshops, benchmarking software and business performance club are the other four KPI services provided. To order copies of the KPI wallchart (free), the KPI handbook (£40+VAT), to book places at a workshop or to obtain details of benchmarking software and the Business Performance Club contact the BSRIA hotline. Tel: 0845 606 5704. Alternatively contact Bob Packham at the DETR. Tel: 020 7944 5764, Email: [email protected]. |
| 590 ## - LOCAL NOTE (RLIN) | |
| Local note | WB |
| 650 ## - SUBJECT ADDED ENTRY--TOPICAL TERM | |
| Topical term or geographic name entry element | KEY PERFORMANCE INDICATORS |
| 650 ## - SUBJECT ADDED ENTRY--TOPICAL TERM | |
| Topical term or geographic name entry element | Block management |
| 9 (RLIN) | 6220 |
| 650 ## - SUBJECT ADDED ENTRY--TOPICAL TERM | |
| Topical term or geographic name entry element | BUILDING SERVICES BEST PRACTICE PROGRAMME |
| 650 ## - SUBJECT ADDED ENTRY--TOPICAL TERM | |
| Topical term or geographic name entry element | MECHANICAL AND ELECTRICAL SECTOR |
| 690 ## - LOCAL SUBJECT ADDED ENTRY--TOPICAL TERM (OCLC, RLIN) | |
| Topical term or geographic name as entry element | BUILT ENVIRONMENT |
| 942 ## - ADDED ENTRY ELEMENTS (KOHA) | |
| Suppress in OPAC | 0 |
| Withdrawn status | Lost status | Source of classification or shelving scheme | Damaged status | Not for loan | Home library | Current library | Shelving location | Date acquired | Total Checkouts | Full call number | Barcode | Date last seen | Copy number | Price effective from | Koha item type |
|---|---|---|---|---|---|---|---|---|---|---|---|---|---|---|---|
| Dewey Decimal Classification | London | London | News article | 20/12/2000 | WB3701-05 | 110017-1001 | 06/08/2019 | 1 | 06/08/2019 | News article |